MLA Handbook for Writers of Research Papers (Record no. 1227)
[ view plain ]
| 005 - DATE AND TIME OF LATEST TRANSACTION | |
|---|---|
| control field | 20250409075552.0 |
| 020 ## - INTERNATIONAL STANDARD BOOK NUMBER | |
| International Standard Book Number | 0-87352-379-2 |
| 082 ## - DEWEY DECIMAL CLASSIFICATION NUMBER | |
| Classification number | 808.02 GIB |
| 100 ## - MAIN ENTRY--PERSONAL NAME | |
| Author name | GIBAIDI, J. |
| 245 ## - TITLE STATEMENT | |
| Title | MLA Handbook for Writers of Research Papers |
| 250 ## - EDITION STATEMENT | |
| Edition statement | 3rd ED. |
| 260 ## - PUBLICATION, DISTRIBUTION, ETC. | |
| Place of publication, distribution, etc. | New York, |
| Name of publisher, distributor, etc. | The Modern Language Association of America, |
| Date of publication, distribution, etc. | 1988. |
| 300 ## - PHYSICAL DESCRIPTION | |
| Extent | vii, 198p., ill, table, |
| Other physical details | Index, |
| Dimensions | 21cm. |
| 700 ## - ADDED ENTRY--PERSONAL NAME | |
| Other authors/Editors | ACHTERT, W. S. |
| 942 ## - ADDED ENTRY ELEMENTS (KOHA) | |
| Source of classification or shelving scheme | Dewey Decimal Classification |
| Koha item type | Books |
| Date last seen | Total checkouts | Full call number | Barcode | Cost, replacement price | Price effective from | Koha item type | Lost status | Source of classification or shelving scheme | Damaged status | Not for loan | Withdrawn status | Home library | Current library | Shelving location | Date acquired | Cost, normal purchase price |
|---|---|---|---|---|---|---|---|---|---|---|---|---|---|---|---|---|
| 04/09/2025 | 808.02 GIB | 0000004020 | 60000.00 | 04/09/2025 | Books | Dewey Decimal Classification | College of Business Education Main Library | College of Business Education Main Library | Special Reserve Collection | 04/09/2025 | 20000.00 |
